LEADER 01566nam a2200301 u 4500 001 000000020179 003 CaOOAMICUS 005 20070226110854.0 008 950223s1967 it u000 u ita u 035 $a10490383 040 $aPUL(R)$bita 100 1 $aMuzio, Giuseppe.$0(OLS)http://pul/name/507 245 10$aDal tomismo essenziale al tomismo rosminiano :$bnote e discussioni di autori vari /$cGiuseppe Muzio. 260 $aRoma :$bLibreria Editrice Salesiana,$c1967. 300 $a79, [1] p. ;$c25 cm 490 1 $aQuaderni "Sodalitas thomistica" ;$vn. 11 600 04$aThomas Aquinas,$cs.,$dc. 1225-1274$xCritica e interpretazione.$0(OLS)http://pul/subject/435 600 14$aRosmini Serbati, Antonio,$cI.D.C.,$d1797-1855$xCritica e interpretazione.$0(OLS)http://pul/subject/898 650 4$aTomismo.$0(OLS)http://pul/subject/597 650 4$aNeoscolastica.$0(OLS)http://pul/subject/5922 830 0$aQuaderni "Sodalitas thomistica" ;$vn. 11.$0(OLS)http://pul/title/16511 850 $aPUL 852 $aPUL$W1$xDP1 Fondo Giannini$y60$m1555 E 16$j28346$nBK-PRI$b $qFondi$B28346$CPULBib$Z2$F28346 $H $81 852 $aPUL$W1$xDP1 Fondo Giannini$y60$m1560 A 8$j28347$nBK-PRI$b $qFondi$B28347$CPULBib$Z2$F28347 $H $81 941 1 $a1 961 $aINV: Fondo Giannini 996 $6245$aDal tomismo essenziale al tomismo rosminiano :$bnote e discussioni di autori vari$9(OLS)http://pul/title/28467 996 $6260$aRoma :$bLibreria Editrice Salesiana$9(OLS)http://pul/publisher/56471 LEADER 01430nam a2200313 u 4500 001 000000030963 003 CaOOAMICUS 005 20070226112103.0 008 970925s1997 it u000 u ita u 020 $a8879883828 035 $a10770436 040 $aEFR$bita$dBSR$dPUL(R) 100 1 $aPiazza, Andrea,$d1961-$0(OLS)http://pul/name/24837 245 10$aMonastero e vescovado di Bobbio :$b(dalla fine del X agli inizi del XIII secolo) /$cAndrea Piazza. 260 $aSpoleto :$bCentro italiano di studi sull'alto Medioevo,$c1997. 300 $a189 p. ;$c26 cm 490 1 $aTesti, studi, strumenti ;$v13 500 $aIndex: p. 168-189. 504 $aBibliographie: p. 139-165. 610 24$aCattedrale di Bobbio (Bobbio, Italia).$0(OLS)http://pul/subject/17235 651 0$aBobbio (Italy)$xChurch history.$2//eng$0(OLS)http://pul/subject/17236 830 0$aTesti, studi, strumenti ;$v13.$0(OLS)http://pul/title/16694 850 $aPUL 852 $aPUL$W1$xSL Filosofia 1$y2$m120(1) C 35$j42781$nBK-PRI$b $qStampati$B42781$CPULBib$Z2$F42781 $H $81 941 1 $a8 961 $aINV: 79583 996 $6020$a8879883828$9(OLS)http://pul/number/38839 996 $6245$aMonastero e vescovado di Bobbio :$b(dalla fine del X agli inizi del XIII secolo)$9(OLS)http://pul/title/42548 996 $6260$aSpoleto :$bCentro italiano di studi sull'alto Medioevo$9(OLS)http://pul/publisher/48572